Countries From a Blind Start #3 - Statistics

General Stats
  • This quiz has been taken 1,245 times
  • The average score is 29 of 45
Answer Stats
country % Correct
Russia
95%
China
90%
Germany
90%
Poland
89%
Ukraine
85%
Belarus
82%
Lithuania
81%
Czechia
80%
Dem Rep Congo
80%
Slovakia
80%
Chad
73%
Sudan
73%
Niger
72%
Kazakhstan
71%
Tajikistan
70%
Zambia
70%
Botswana
69%
Central African Republic
69%
Uzbekistan
69%
Zimbabwe
69%
Angola
68%
Kyrgyzstan
68%
Cameroon
66%
Namibia
66%
Nigeria
66%
Greece
65%
Libya
65%
Romania
65%
Tanzania
65%
Bulgaria
64%
Mozambique
64%
Malawi
63%
Turkey
63%
Serbia
60%
North Macedonia
59%
Ethiopia
43%
Somalia
40%
Eritrea
39%
Indonesia
39%
Djibouti
38%
Timor-Leste
35%
Panama
32%
Costa Rica
31%
Nicaragua
31%
Grenada
5%
No matching quizzes found
Score Distribution
Percent of People with Each Score
Percentile by Number Answered
Your Score History
You have not taken this quiz